Plan operativo de inversiones públicas para 1971

Сохранить в:
Библиографические подробности
Соавтор: Costa Rica. Presidencia de la República. Oficina de Planificación
Формат: Текст
Опубликовано: San José: Oficina de Planificación
Метки: Добавить метку
Нет меток, Требуется 1-ая метка записи!

MARC

LEADER 00000 a a2200000 04500
001 17978
003
040
090 |a 1006 CR8375p  
110 |a Costa Rica. Presidencia de la República. Oficina de Planificación  
245 |a Plan operativo de inversiones públicas para 1971  
260 |a San José:   |b Oficina de Planificación  
300 |a 65 p.  
999 |c 4709  |d 4709